| 000 | 00468nam a2200181Ia 4500 | ||
|---|---|---|---|
| 001 | 47090 | ||
| 008 | 140429s9999 xx 000 0 und d | ||
| 020 | _aNA | ||
| 040 | _cPK-LaUMT | ||
| 082 |
_aRHC 330.95491 _bSID-T |
||
| 100 | _aSiddique Hasan Gilani | ||
| 245 |
_aTaraqqi aur iflas (Urdu) _cSiddique Hasan Gilani |
||
| 260 |
_aLahore,Pakistan: _bAewan-e-Adab, _c1969 |
||
| 300 | _a144 p. | ||
| 546 | _aUR | ||
| 650 | _aEconomic condition-Pakistan | ||
| 942 | _cBK | ||
| 999 |
_c45021 _d45021 |
||